000 00668nam a2200217 a 4500
999 _c10061
_d10061
001 10061
003 BD-JhCC
005 20180405092947.0
008 180405s1976 bg |||| |a|| 000 0 ben d
035 _a(BD-JhCC)10061
040 _aBD-JhCC
_dBD-JhCC
041 _aben
082 _a891.4415
_bSID 1976
100 _aসিদ্দিক, আবু বকর
245 _aবিনিদ্র কালের ভেলা /
_cআবু বকর সিদ্দিক,
260 _aঢাকা :
_bমুক্তধারা প্রকাশনী,
_c1976
300 _a63 p. :
_e22 cm.
650 _aBengali Poem
942 _2ddc
_cBK